Fußballclub , die mit B beginnen - Statistiken

Allgemein
  • Dieses Quiz wurde 108 mal gespielt
  • Das Durchschnittsergebnis liegt bei 14 aus 20
Antwortstatistiken
Bildquiz Antwort % Korrekt
FC Bayern München
100%
Bayer 04 Leverkusen
97%
Borussia Dortmund
94%
Borussia Mönchengladbach
93%
FC Barcelona
93%
Beşiktaş İstanbul
86%
Benfica Lissabon
84%
FC Basel
84%
Brighton & Hove Albion
82%
Boca Juniors
76%
Girondins Bordeaux
69%
Stade Brest
66%
FC Burnley
64%
FC Brentford
62%
AFC Bournemouth
61%
Botafogo FR
56%
Blackburn Rovers
48%
SC Bastia
24%
FC Blackpool
14%
BATE Baryssau
9%
Keine übereinstimmenden Quizze gefunden
Verteilung der Resultate
Anzahl Personen mit jedem Resultat
Perzentil nach korrekt beantworteten Fragen
Ihre Resultats-Entwicklung
Sie haben dieses Quiz noch nicht gespielt